| 000 | 00000nam##2200000za#4500 |
| 001 | 9.633102 |
| 003 | CaOODSP |
| 005 | 20210624215149 |
| 007 | cr ||||||||||| |
| 008 | 150407|2006||||xxc|||||o f|0| 0 fre|d |
| 020 | |a0-662-72315-5 |
| 040 | |aCaOODSP|bfre |
| 043 | |an-cn--- |
| 086 | 1 |aH34-154/2006F-PDF |
| 110 | 1 |aCanada.|bSanté Canada. |bDirection générale de la santé des Premières nations et des Inuits. |
| 245 | 10|aFeuillet d'information sur la grippe aviaire - ce que les peuples des Premières nations et les Inuits doivent savoir au sujet de la grippe aviaire |h[ressource électronique] |
| 260 | |aOttawa - Ontario : |bSanté Canada. |cAutomne 2006. |
| 300 | |a2p.|bphotographies |
| 500 | |aLe n° de catalogue (H34-154/2006F) et l'ISBN (0-662-72314-7) de l'édition imprimée ont été incorrectement copiés dans la version électronique. |
| 590 | |a12-42-Supp|b2012-11-21 |
| 691 | 07|aGrippe|2gcpds |
| 691 | 07|aAutochtones|2gcpds |
| 775 | 08|tFact sheet on avian influenza - what First Nations and Inuit people need to know about Avian Influenza or 'Bird Flu' |w(CaOODSP)9.688685 |
| 856 | 40|ahttp://publications.gc.ca|qPDF|s229 Ko|uhttps://publications.gc.ca/collections/collection_2012/sc-hc/H34-154-2006-fra.pdf |
| 986 | |aSC Pub. : 3191 |